The Ultimate Harry Potter Quiz - Statistics

General Stats
  • This quiz has been taken 70 times
  • The average score is 21 of 30
Answer Stats
Question Answer % Correct
Who were Harry's parents? James and Lily Potter
95%
Who are the muggle aunt and uncle that Harry must live with every summer? Vernon and Petunia Dursley
95%
In order of birth, who are the seven Weasley siblings? Bill, Charlie, Percy, Fred, George, Ron, Ginny
93%
Who kills Albus Dumbledore at the end of "The Half-Blood Prince"? Professor Snape
93%
At the end of "Harry Potter and the Sorcerer's Stone," which professor removes his turban to reveal Voldemort on the back of his head? Quirrell
93%
What Hogwarts student is killed in Little Hangleton graveyard at the end of "The Goblet of Fire"? Cedric Diggory
91%
What's the only book in the Harry Potter series that doesn't feature Lord Voldemort? The Prisoner of Azkaban
91%
Who was Tom Marvolo Riddle? Voldemort
91%
What are the three Unforgivable Curses? Avada Kedavra, Crucio, Imperio
89%
Which of these Hogwarts professors teaches Transfiguration? McGonagall
89%
Hagrid is part wizard and part ___. Giant
86%
What animal is the primary means of communication in the Wizarding World? Owl
86%
What was Hermoine's patronus? Otter
84%
Who first shows Harry the diary of Tom Riddle? Moaning Myrtle
82%
Who was the Prisoner of Azkaban, and was he guilty of the crime he was accused of committing? Sirius Black, not guilty
82%
What would Daniel Radcliffe use the wands as during the filming of the films? Drumsticks
80%
Which Harry Potter word is now in the Oxford English Dictionary? Muggle
75%
What is the command that calls the Death Eaters? Morsmorde
73%
Translate Hogwarts' school motto into English. Draco dormiens nunquam titillandus. Never tickle a sleeping dragon
66%
What mythical creature's blood is proved to be an effective oven cleaner in the Philosopher's stone? Dragon
61%
What is the name of the best and worst grades at Hogwarts? Outstanding, Troll
61%
Who was NOT a member of the Order of the Phoenix? Hermoine Granger
55%
What does the 'K' stand for in J.K Rowling? (this was not part of her legal name) Kathleen
55%
Dumbledore is an Old English word which translates to... Bumblebee
48%
Which of these was a code name for the Deathly Hallows to prevent it from being leaked? Edinburgh Potmakers
48%
There was an outbreak of __ among the children during the filming of the Chamber of Secrets. Lice
48%
What material is Voldemort's wand made from? Yew
39%
How many pairs of Harry Potter glasses did Daniel Radcliffe go through during the course of the films? 160
30%
How many copies did "Harry Potter and the Deathly Hallows" sell the first day of its release in the U.S. and the U.K.? 11 million
23%
What can Quidditch also be referred to? Ikarus Ball
14%
No matching quizzes found
Score Distribution
Percent of People with Each Score
Percentile by Number Answered
Your Score History
You have not taken this quiz